000 00355nam a2200181Ia 4500
100 _aSchildt/Herbert
650 _aJava
250 _a9
942 _cBK
366 _f20
654 _aJava
245 _aJava:The complete reference
260 _bMc Graw Hill
_c2014
082 _a5.133
_bSCH
300 _a1274
546 _aENGLISH
999 _c23680
_d23680